|
|
|
|
| LEADER |
02453nam a2200457 4500 |
| 001 |
978-1-137-47529-9 |
| 003 |
DE-He213 |
| 005 |
20191115141907.0 |
| 007 |
cr nn 008mamaa |
| 008 |
190315s2016 xxk| s |||| 0|eng d |
| 020 |
|
|
|a 9781137475299
|9 978-1-137-47529-9
|
| 024 |
7 |
|
|a 10.1057/978-1-137-47529-9
|2 doi
|
| 040 |
|
|
|d GrThAP
|
| 050 |
|
4 |
|a HB1-846.8
|
| 072 |
|
7 |
|a KCA
|2 bicssc
|
| 072 |
|
7 |
|a BUS069030
|2 bisacsh
|
| 072 |
|
7 |
|a KCA
|2 thema
|
| 082 |
0 |
4 |
|a 330.1
|2 23
|
| 100 |
1 |
|
|a Harcourt, G.
|e author.
|4 aut
|4 http://id.loc.gov/vocabulary/relators/aut
|
| 245 |
1 |
0 |
|a Post-Keynesian Essays from Down Under Volume IV: Essays on Theory
|h [electronic resource] :
|b Theory and Policy in an Historical Context /
|c by G. Harcourt, Peter Kriesler, Joseph Halevi, John Nevile.
|
| 250 |
|
|
|a 1st ed. 2016.
|
| 264 |
|
1 |
|a London :
|b Palgrave Macmillan UK :
|b Imprint: Palgrave Macmillan,
|c 2016.
|
| 300 |
|
|
|a XIV, 525 p.
|b online resource.
|
| 336 |
|
|
|a text
|b txt
|2 rdacontent
|
| 337 |
|
|
|a computer
|b c
|2 rdamedia
|
| 338 |
|
|
|a online resource
|b cr
|2 rdacarrier
|
| 347 |
|
|
|a text file
|b PDF
|2 rda
|
| 520 |
|
|
|a Joseph Halevi, G. C. Harcourt, Peter Kriesler and J. W. Nevile bring together a collection of their most influential papers on post-Keynesian thought. Their work stresses the importance of the underlying institutional framework, of the economy as a historical process and, therefore, of path determinacy. In addition, their essays suggest the ultimate goal of economics is as a tool to inform policy and make the world a better place, with better being defined by an overriding concern with social justice. Volume IV explores theory.
|
| 650 |
|
0 |
|a Economic theory.
|
| 650 |
1 |
4 |
|a Economic Theory/Quantitative Economics/Mathematical Methods.
|0 http://scigraph.springernature.com/things/product-market-codes/W29000
|
| 700 |
1 |
|
|a Kriesler, Peter.
|e author.
|4 aut
|4 http://id.loc.gov/vocabulary/relators/aut
|
| 700 |
1 |
|
|a Halevi, Joseph.
|e author.
|4 aut
|4 http://id.loc.gov/vocabulary/relators/aut
|
| 700 |
1 |
|
|a Nevile, John.
|e author.
|4 aut
|4 http://id.loc.gov/vocabulary/relators/aut
|
| 710 |
2 |
|
|a SpringerLink (Online service)
|
| 773 |
0 |
|
|t Springer eBooks
|
| 776 |
0 |
8 |
|i Printed edition:
|z 9781137475282
|
| 776 |
0 |
8 |
|i Printed edition:
|z 9781349569540
|
| 776 |
0 |
8 |
|i Printed edition:
|z 9781349569533
|
| 856 |
4 |
0 |
|u https://doi.org/10.1057/978-1-137-47529-9
|z Full Text via HEAL-Link
|
| 912 |
|
|
|a ZDB-2-ECF
|
| 950 |
|
|
|a Economics and Finance (Springer-41170)
|